Pengurusan jualan yang berkesan
| Main Author: | Johnson, Tom |
|---|---|
| Published: |
Johor Bahru:
Penerbitan Pelangi Sdn. Bhd.,
1998.
|
| Series: |
Ke arah pengurusan cemerlang
|
| Subjects: |
| LEADER | 00578cam a2200181 7i4500 | ||
|---|---|---|---|
| 001 | 0000001379 | ||
| 005 | 20170218090000.0 | ||
| 020 | |a 9789835019548 | ||
| 020 | |a 9835019541 (pbk.) | ||
| 090 | 0 | 0 | |a HF5438.4 |b .J76 1998 |
| 100 | 1 | |a Johnson, Tom | |
| 245 | 1 | 0 | |a Pengurusan jualan yang berkesan |c Tom Johnson. |
| 260 | |a Johor Bahru: |b Penerbitan Pelangi Sdn. Bhd., |c 1998. | ||
| 300 | |a 130 p.: |b ill.; |c 21 cm. | ||
| 490 | 0 | |a Ke arah pengurusan cemerlang | |
| 650 | 0 | 0 | |a Sales management |
| 997 | |a Business & Accountancy, Faculty | ||
| 999 | |a 0000006199 |b BOK |c OPEN SHELF |e 1st Floor, Shah Alam | ||


